| 000 | 00641nam a22002057a 4500 | ||
|---|---|---|---|
| 005 | 20260213092422.0 | ||
| 008 | 160729b xxu||||| |||| 00| 0 eng d | ||
| 020 |
_a818143580X _c300.00 |
||
| 040 | _aLoreto College | ||
| 041 | _aHindi | ||
| 082 |
_a891.434 _bSHA-BAN |
||
| 245 |
_aNibandho ki duniya _bPandit Chandradhar Sharma Guleri _cEdited by Kusum Banthia; chief editor Nirmala Jain |
||
| 260 |
_aNew Delhi _bVani Prakashan _c2010 |
||
| 300 |
_a156p _b22cm |
||
| 610 | _aSharma,Chandradhar | ||
| 650 | _aSharma,Chandradhar-Interpretation and criticism | ||
| 700 |
_4ed. _aBanthia,Kusum |
||
| 850 |
_aLCLIB _bHinSemLib |
||
| 942 | _cBK | ||
| 999 |
_c40731 _d91210 |
||